000 00726nam a22002177a 4500
999 _c7278
_d7278
003 AR-CdUCM
008 190320b ||||| |||| 00| 0 sp d
040 _aMUNICIPALIDAD PROVINCIAL DEL CUSCO
_cBIBLIOTECA MUNICIPAL DEL CUSCO
082 _a650 /
_bM22
100 _aMagnanelli, Raymond L.
_920512
245 _aCómo hacer Reingeniería /
260 _aColombia :
_bNorma ,
_c1994.
300 _a349 páginas ;
_c23 cm.
505 _aContenido : Marco de Referencia -- Metodología -- Recursos -- Apéndices...
650 _aReingeniería de Procesos
_920513
650 _aDiseño Técnico
_920514
650 _aProyectos de Reingeniería
_920515
700 _aMark M. Klein
_920516
942 _2ddc
_cLIBROS
945 _artm